Countries Most Similar To Russia - Statistics

General Stats
  • This quiz has been taken 476 times
  • The average score is 15 of 20
Answer Stats
Rank Country Score % Correct
2 Ukraine 79.1
96%
1 Belarus 81.8
95%
3 Kazakhstan 74.2
89%
11 Poland 68.4
86%
4 Lithuania 71.9
85%
5 Latvia 71.2
84%
8 Estonia 69.1
82%
7 Serbia 69.2
79%
12 Moldova 68.0
76%
10 Romania 68.9
75%
9 Slovakia 69.0
75%
6 Bulgaria 69.8
73%
18 Georgia 66.1
71%
15 Armenia 67.3
69%
14 Czech Republic 67.6
64%
18 Slovenia 66.1
58%
16 Hungary 66.5
57%
20 Kyrgyzstan 65.5
49%
13 Montenegro 67.7
47%
17 North Macedonia 66.2
45%
No matching quizzes found
Score Distribution
Percent of People with Each Score
Percentile by Number Answered
Your Score History
You have not taken this quiz